000 00654cad a22001935a 4500
001 L123944
008 000000s1999 xxk l 000 0 eng u
020 _a0105417998
035 _a(Sirsi) u123944
110 2 _aUnited Kingdom
_kLaws, etc.
_95044
245 _aDisability Rights Commission Act 1999
_h[electronic resource]
260 _aLondon
_bStationery Office
_c1999
520 _aView the Act at www.hmso.go.uk.
650 _aDISABILITY RIGHTS COMMISSION ACT 1999
650 _aPEOPLE WITH DISABILITIES
690 _aLAW
856 _uhttps://www.legislation.gov.uk/ukpga/1999/17/contents
_zView the Act at www.legislation.gov.uk
942 _n0
999 _c103129
_d103129